000 00475nam a2200157Ia 4500
008 210210b2000 xxu||||| |||| 00| 0 eng d
020 _a0 7619 9422 X
082 _a302.23 JOHT
100 _aJOHNSON (Kirk)
245 _aTelevision and social change in rural India.
260 _aNew Delhi.
_bSage Publications
_c2000
300 _a247
650 _aTelevision & social change Social change & Television Rural India & Television
690 _aJournali
906 _a0574
999 _c104905
_d104905